Statistiques concernant Plus Grandes Villes d'Outre Mer

Cliquez ici pour prendre le quiz!

Statistiques générales

  • Ce quiz a été pris 62 fois
  • Le résultat moyen est 20 sur 36

Statistiques - réponses

Région
Collectivité
Ville
Population
(en milliers)
% Correct
RéunionSaint Denis150
100%
GuyaneCayenne63
98%
MartiniqueFort de France78
95%
MayotteMamoudzou71
95%
Nouvelle CalédonieNouméa94
95%
RéunionSaint Pierre84
90%
Polynésie FrançaisePapeete26
85%
RéunionSaint Paul103
85%
RéunionLe Tampon79
80%
GuadeloupeLes Abymes53
78%
GuyaneSaint Laurent du Maroni45
70%
GuyaneKourou24
68%
RéunionSaint Louis53
68%
Guadeloupe
Sainte Anne
23
63%
MartiniqueLe Lamentin40
63%
RéunionSaint André53
63%
RéunionSaint Benoît37
63%
RéunionSainte Marie33
60%
RéunionSaint Joseph37
55%
RéunionSaint Leu34
53%
RéunionLe Port33
50%
RéunionSaint Suzanne23
48%
RéunionLa Possession32
45%
Nouvelle CalédonieDumbéa35
40%
MayotteKoungou32
38%
Polynésie FrançaiseFaaa29
35%
GuadeloupeLe Gosier26
35%
MartiniqueLe Robert22
35%
GuadeloupeBaie Mahault31
33%
GuadeloupeLe Moule22
30%
GuyaneMatoury32
25%
Nouvelle CalédonieLe Mont Dore27
18%
GuadeloupePetit Bourg24
15%
GuyaneRemire Montjoly26
15%
Polynésie FrançaisePunaauia28
13%
Nouvelle CalédoniePaïta24
8%

Distribution des résultats

Percentile par nombre de réponses

% des personnes avec chaque résultat

Votre développement - résultats

Vous n’avez pas pris ce quiz